الاتجاهات الكبرى عام 2000 : (Record no. 14497)
[ view plain ]
| 000 -الفاتح | |
|---|---|
| حقل البيانات ثابتة الطول | 01094nam a22001937a 4500 |
| 008 - عناصر البيانات ثابتة الطول - معلومات عامة | |
| حقل البيانات ثابتة الطول | 100718t1991 xxu||||| |||| 00| 0 ara d |
| 082 ## - رقم تصنيف ديوى العشرى | |
| رقم الطبعة | 22 |
| رقم المادة | ن ي ص |
| رقم التصنيف | 133.3239 |
| 100 1# - المدخل الرئيسى - إسم شخصى | |
| 9 (RLIN) | 16374 |
| الإسم الشخصى | نيصبات، جون |
| 245 ## - بيان العنوان | |
| العنوان | الاتجاهات الكبرى عام 2000 : |
| بقية العنوان | التغيرات المهمة في حياتك وفي العالم خلال السنوات العشر القادمة / |
| بيان المسئوليه,etc | جون نيصبات، باتريشيا أبردين؛ مراجعة العجيلي الميري |
| 260 ## - PUBLICATION, DISTRIBUTION, ETC. (IMPRINT) | |
| مكان الناشر او الموزع | مالطا : |
| اسم الناشر او الموزع | مركز دراسات العالم الإسلامي ، |
| تاريخ النشر أو التوزيع | 1991. |
| 300 ## - الوصف المادى | |
| التعداد | 318 ص : |
| أبعاد الوعاء | 24 سم . |
| 490 ## - بيان السلسلة | |
| -- | 16376 |
| عنوان السلسلة | الدراسات المستقبلية ؛ |
| -- | 1 |
| 541 ## - تبصرة المصدر المباشر للتزويد | |
| مصدر التزويد | ألف باء ؛ |
| طريقة التزويد | شراء ؛ |
| 650 0# - المدخل الاضافى بالموضوع-مصطلح موضوعى | |
| 9 (RLIN) | 16894 |
| مصطلح موضوعي أو اسم جغرافي كعنصر مدخل | المستقبلية (فلسفة) |
| 700 1# - المدخل الاضافى - اسم شخصى | |
| 9 (RLIN) | 16375 |
| الإسم الشخصى | أبردين، باتريشيا |
| 700 1# - المدخل الاضافى - اسم شخصى | |
| 9 (RLIN) | 16377 |
| الإسم الشخصى | الميري، العجيلي |
| الدور | مراجع |
| 942 ## - عناصر المدخل الإضافي( كوها) | |
| مصدر التصنيف او مخطط الترفيف | Dewey Decimal Classification |
| Koha [default] item type | Book - Borrowing |
| حالة التراجع | حالة الفقد | مصدر التصنيف او خطة الترفيف | حالة تلف | ليس للاعارة | مجموعات كوها | المكان الدائم | المكان الحالي | موقع الترفيف | تاريخ الاكتساب | Source of acquisition | رقم الاستدعاء | الباركود | Date last seen | نوع الوعاء |
|---|---|---|---|---|---|---|---|---|---|---|---|---|---|---|
| Dewey Decimal Classification | Alef-Baa | Central Library | Central Library | Lower Floor | 18/07/2010 | 133.3239 ن ي ص | 000021477 | 15/07/2025 | Book - Borrowing |